Diccionario de contabilidad (Registro nro. 374)

Detalles MARC
000 -LEADER
fixed length control field 00679 a2200205 4500
001 - CONTROL NUMBER
control field 3840
005 - DATE AND TIME OF LATEST TRANSACTION
control field 20260407155431.0
008 - FIXED-LENGTH DATA ELEMENTS--GENERAL INFORMATION
fixed length control field 260407a1968 arg spa d
003 - CONTROL NUMBER IDENTIFIER
control field AR-UNSa-BCEJYS
040 ## - CATALOGING SOURCE
Original cataloging agency AR-UNSa-BCEJYS
Language of cataloging spa
Transcribing agency AR-UNSa-BCEJYS
080 ## - UNIVERSAL DECIMAL CLASSIFICATION NUMBER
Universal Decimal Classification number (038)657
Common auxiliary subdivision Diccionario de Contabilidad
100 1# - MAIN ENTRY--PERSONAL NAME
Personal name Cholvis, Francisco
245 10 - TITLE STATEMENT
Title Diccionario de contabilidad
264 #1 - PRODUCTION, PUBLICATION, DISTRIBUTION, MANUFACTURE, AND COPYRIGHT NOTICE
Place of production, publication, distribution, manufacture Buenos Aires :
Name of producer, publisher, distributor, manufacturer Ediciones Leconex
Date of production, publication, distribution, manufacture, or copyright notice 1968
300 ## - PHYSICAL DESCRIPTION
Extent 2 v.
Dimensions 23 cm.
520 ## - SUMMARY, ETC.
Summary, etc. Terminología de la contabilidad y otras voces y expresions de uso común en el campo de esta materia
505 ## - FORMATTED CONTENTS NOTE
Formatted contents note Vol. 1.: A - F<br/>Vol. 2.: G - W
590 ## - LOCAL NOTE (RLIN)
Local note niveau_biblio:m niveau_hierar:0
942 ## - ADDED ENTRY ELEMENTS (KOHA)
Koha item type
Existencias
Withdrawn status Lost status Damaged status Not for loan Home library Current library Shelving location Date acquired Total checkouts Full call number Barcode Date last seen Price effective from Koha item type
        Biblioteca Prof. Eusebio Cleto del Rey Biblioteca Prof. Eusebio Cleto del Rey   07/04/2026   R(038)657 C547 v.1 L22939 07/04/2026 07/04/2026 Libro
        Biblioteca Prof. Eusebio Cleto del Rey Biblioteca Prof. Eusebio Cleto del Rey   07/04/2026   R(038)657 C547 v.2 L22940 07/04/2026 07/04/2026 Libro